| 000 | 00470nab a2200145Ia 4500 | ||
|---|---|---|---|
| 003 | ES-SlBCS | ||
| 005 | 20210601125014.0 | ||
| 008 | 140529s2006 xxu||||| |||| 00| 0 eng d | ||
| 041 | _aeng | ||
| 100 | 1 |
_aLaing, Jacqueline A. _9152540 |
|
| 245 | 0 | 0 |
_aArtificial Reproduction, Blood Relatedness, and Human Identity _c Jacqueline A. Laing |
| 650 | 0 | 4 |
_aReproducción Artificial _9152541 |
| 773 | 0 |
_tMonist, the _gvol. 89, nº. 4, 2006, págs. 548-566 _wRev1667 |
|
| 942 | _cAR | ||
| 999 |
_c523150 _d523150 |
||